Asian cities Extreme - Sudden Death - Statistics

General Stats
  • This quiz has been taken 57 times
  • The average score is 6 of 15
Answers on the Grid
Answers color-coded by a green-red scale on the quiz's grid according to % correct below.
Mandalay
Patras
Mombasa
Krasnoyarsk
Sendai
Manaus
Ibadan
Lucknow
Hohhot
Bakhchysarai
Benghazi
Shymkent
Batman
Erbil
Chihuahua
Jeju city
Naha
Orsha
Perm
Lahti
Baia mare
Georgetown
Hobart
Limassol
Batumi
Qom
Sharjah
Fez
Oran
Yaounde
 
Answer Stats
Answer % Correct
Mandalay
74%
Jeju city
55%
Erbil
53%
Lucknow
53%
Sendai
50%
Qom
47%
Batman
42%
Sharjah
42%
Hohhot
37%
Krasnoyarsk
37%
Shymkent
32%
Naha
26%
Batumi
24%
Limassol
21%
Georgetown
16%
No matching quizzes found
Score Distribution
Percent of People with Each Score
Percentile by Number Answered
Your Score History
You have not taken this quiz